[Event "Szuperliga - GM Szabo Laszlo"]
[Site "Mako"]
[Date "2024.03.10"]
[Round "6.10"]
[White "Meszaros-Csonka, David"]
[Black "Gara, Anita"]
[Result "0-1"]
[WhiteElo "1941"]
[BlackElo "2332"]
[PlyCount "104"]
[EventDate "2023.10.28"]
[EventType "team-tourn"]
[EventRounds "9"]
[EventCountry "HUN"]
[Source "chess.hu"]
[WhiteTeam "Duocor-Makoi SVSE"]
[BlackTeam "Tuxera ANSK"]
[WhiteTeamCountry "HUN"]
[BlackTeamCountry "HUN"]

1. d4 d5 2. Bf4 c5 3. e3 Nc6 4. Nc3 cxd4 5. exd4 Bf5 6. Nf3 e6 7. Ne5 Nge7 8.
g4 Bg6 9. Bd3 Nxe5 10. dxe5 Nc6 11. O-O Be7 12. Bg3 Qb6 13. Rb1 Rc8 14. Kg2 O-O
15. f4 Bxd3 16. cxd3 d4 17. Ne4 Nb4 18. Qb3 Qa6 19. Rfd1 Nd5 20. Kg1 Ne3 21.
Rdc1 Nxg4 22. Bf2 Nxf2 23. Kxf2 b6 24. Rg1 Kh8 25. Rbc1 Qb7 26. Rc4 Rxc4 27.
Qxc4 Qd7 28. Rc1 Bh4+ 29. Ke2 Bd8 30. Qc8 Qe7 31. Nd6 h6 32. Qb7 Qh4 33. Nxf7+
Kg8 34. Nxd8 Qxh2+ 35. Kd1 Rxd8 36. Rc8 Qh5+ 37. Kc1 Qe8 38. Rc7 Qg6 39. Kc2
Rf8 40. Rc8 Rxc8+ 41. Qxc8+ Kh7 42. Qc6 h5 43. Qf3 Qf5 44. Kd2 Kh6 45. Ke1 h4
46. Kf2 g5 47. Qa8 Qxf4+ 48. Kg1 Qxe5 49. Qf8+ Kh5 50. Qg8 h3 51. Qh7+ Kg4 52.
Kf2 Qf5+ 0-1

[Event "Szuperliga - GM Szabo Laszlo"]
[Site "Biatorbagy"]
[Date "2024.03.10"]
[Round "6.1"]
[White "Papp, Gabor"]
[Black "Sipos, Istvan"]
[Result "1/2-1/2"]
[WhiteElo "2558"]
[BlackElo "2457"]
[PlyCount "65"]
[EventDate "2023.10.28"]
[EventType "team-tourn"]
[EventRounds "9"]
[EventCountry "HUN"]
[Source "chess.hu"]
[WhiteTeam "ASE Paks"]
[BlackTeam "Viadukt Biatorbagy"]
[WhiteTeamCountry "HUN"]
[BlackTeamCountry "HUN"]

1. e4 e5 2. Nf3 Nc6 3. Bc4 Nf6 4. d3 Be7 5. O-O O-O 6. Nc3 d6 7. a4 Na5 8. Ba2
Nc6 9. Ne2 a5 10. Ng3 Be6 11. Bxe6 fxe6 12. c3 Qd7 13. Qe2 Rae8 14. d4 exd4 15.
cxd4 Kh8 16. Bd2 d5 17. e5 Ng8 18. h4 Qd8 19. h5 Rf7 20. Rac1 Ref8 21. Be3 Nb4
22. b3 c6 23. Bd2 Nh6 24. Ne1 Bg5 25. Bxb4 axb4 26. Rd1 Bf4 27. Qd3 Qh4 28. Nf3
Qg4 29. Nh2 Qg5 30. Nf3 Qg4 31. Nh2 Qh4 32. Nf3 Qg4 33. Nh2 1/2-1/2

[Event "Szuperliga - GM Szabo Laszlo"]
[Site "Biatorbagy"]
[Date "2024.03.10"]
[Round "6.2"]
[White "Bagi, Mate"]
[Black "Berkes, Ferenc"]
[Result "0-1"]
[WhiteElo "2426"]
[BlackElo "2610"]
[PlyCount "158"]
[EventDate "2023.10.28"]
[EventType "team-tourn"]
[EventRounds "9"]
[EventCountry "HUN"]
[Source "chess.hu"]
[WhiteTeam "Viadukt Biatorbagy"]
[BlackTeam "ASE Paks"]
[WhiteTeamCountry "HUN"]
[BlackTeamCountry "HUN"]

1. e4 c6 2. Nf3 d5 3. Nc3 Bg4 4. h3 Bxf3 5. Qxf3 e6 6. Be2 Nd7 7. d4 dxe4 8.
Nxe4 Ngf6 9. O-O Nxe4 10. Qxe4 Nf6 11. Qd3 Bd6 12. Rd1 h6 13. a4 O-O 14. c3 a5
15. Qf3 Re8 16. Bd3 Bc7 17. g3 Qd5 18. Kg2 Rad8 19. Bc2 Rd7 20. Re1 h5 21. Re2
g6 22. Bd2 Kg7 23. Rae1 Qxf3+ 24. Kxf3 Nd5 25. Bg5 Rb8 26. Ra1 Bd8 27. Bd2 Bc7
28. Bg5 Bd6 29. Be4 Ra8 30. Bd3 Be7 31. Bd2 Rdd8 32. Kg2 Bd6 33. Kf3 Kf6 34.
Be4 Kg7 35. Bd3 Rd7 36. Be4 Nf6 37. Bd3 Rc7 38. Bg5 Rac8 39. Rd1 Rd7 40. Rde1
Bb8 41. Bc2 Bc7 42. Ra1 Nd5 43. Bd3 Re8 44. Rae1 Rb8 45. Ra1 Bd8 46. Bd2 b5 47.
Be4 Rc8 48. b3 Rb7 49. c4 bxc4 50. bxc4 Rb3+ 51. Kg2 Nb4 52. Re3 Rxe3 53. Bxe3
f5 54. Bf3 Nc2 55. Rc1 Nxe3+ 56. fxe3 c5 57. dxc5 Rxc5 58. e4 Bg5 59. Rc2 f4
60. h4 Bh6 61. g4 hxg4 62. Bxg4 Kf6 63. Be2 Bf8 64. Kf3 Rh5 65. Kxf4 Rxh4+ 66.
Kf3 Bc5 67. Bf1 Ke5 68. Bg2 g5 69. Kg3 Kd4 70. Rb2 Bb4 71. Rb1 Kxc4 72. Bf3
Bd6+ 73. Kf2 g4 74. Bg2 g3+ 75. Ke3 Rh8 76. Rb5 Rf8 77. Bf3 g2 78. Bxg2 Bc5+
79. Ke2 Rf2+ 0-1

[Event "Szuperliga - GM Szabo Laszlo"]
[Site "Biatorbagy"]
[Date "2024.03.10"]
[Round "6.3"]
[White "Acs, Peter"]
[Black "Toth, Ervin"]
[Result "1-0"]
[WhiteElo "2580"]
[BlackElo "2416"]
[PlyCount "89"]
[EventDate "2023.10.28"]
[EventType "team-tourn"]
[EventRounds "9"]
[EventCountry "HUN"]
[Source "chess.hu"]
[WhiteTeam "ASE Paks"]
[BlackTeam "Viadukt Biatorbagy"]
[WhiteTeamCountry "HUN"]
[BlackTeamCountry "HUN"]

1. e4 e6 2. d4 d5 3. e5 c5 4. c3 Nc6 5. Nf3 Bd7 6. Be2 f6 7. O-O fxe5 8. dxe5
Qc7 9. Bf4 O-O-O 10. a4 h6 11. Na3 a6 12. b4 cxb4 13. cxb4 Bxb4 14. Nb5 Qa5 15.
Qb3 Kb8 16. Rfb1 Bc8 17. Nd6 Rd7 18. Rc1 Nge7 19. Rab1 Rf8 20. Be3 Rc7 21. Rc2
Rd8 22. h3 d4 23. Nxd4 Nxd4 24. Bxd4 Rxc2 25. Qxc2 Nc6 26. Ba1 Bxd6 27. exd6
Rxd6 28. Bxg7 e5 29. Qe4 Qc7 30. Bf8 Rf6 31. Bc5 Rf4 32. Qd5 Ka8 33. Bb6 Qh7
34. Rc1 Rxa4 35. Qd6 Qd7 36. Qxh6 Rb4 37. Bc5 Rb2 38. Bf3 Qe8 39. Be3 e4 40.
Bxe4 Qxe4 41. Qh8 Rb1 42. Qxc8+ Nb8 43. Rxb1 Qxb1+ 44. Kh2 Qe4 45. Qc5 1-0

[Event "Szuperliga - GM Szabo Laszlo"]
[Site "Biatorbagy"]
[Date "2024.03.10"]
[Round "6.4"]
[White "Torma, Robert"]
[Black "Fodor, Tamas Jr"]
[Result "1-0"]
[WhiteElo "2413"]
[BlackElo "2489"]
[PlyCount "95"]
[EventDate "2023.10.28"]
[EventType "team-tourn"]
[EventRounds "9"]
[EventCountry "HUN"]
[Source "chess.hu"]
[WhiteTeam "Viadukt Biatorbagy"]
[BlackTeam "ASE Paks"]
[WhiteTeamCountry "HUN"]
[BlackTeamCountry "HUN"]

1. d4 d5 2. c4 c6 3. Nf3 e6 4. g3 dxc4 5. Bg2 b5 6. O-O Nd7 7. b3 cxb3 8. axb3
Bb7 9. Nc3 Ngf6 10. Qc2 Qb6 11. e4 c5 12. d5 e5 13. Bh3 Bd6 14. Nh4 a6 15. Nf5
g6 16. Nxd6+ Qxd6 17. Bh6 Rg8 18. f4 c4 19. bxc4 Rc8 20. Qf2 Rxc4 21. fxe5 Nxe5
22. Qxf6 Qxf6 23. Rxf6 Rxc3 24. Rb6 Bc8 25. Bxc8 Rxc8 26. Raxa6 g5 27. Rxb5 Nd7
28. Rc6 Rd8 29. Rb7 f6 30. Rcc7 Ke7 31. Kf2 Kd6 32. Rc6+ Ke7 33. Rcc7 Kd6 34.
Rc6+ Ke7 35. h4 gxh4 36. gxh4 Rg4 37. Re6+ Kf7 38. Be3 Kf8 39. Rd6 Ke8 40. Re6+
Kf8 41. h5 Ne5 42. Rxf6+ Kg8 43. Bf4 Re8 44. Bxe5 Rxe5 45. h6 Re8 46. e5 Rg5
47. e6 Ra8 48. Rff7 1-0

[Event "Szuperliga - GM Szabo Laszlo"]
[Site "Biatorbagy"]
[Date "2024.03.10"]
[Round "6.6"]
[White "Vanczak, Tamas"]
[Black "Krstulovic, Alex"]
[Result "0-1"]
[WhiteElo "2431"]
[BlackElo "2431"]
[PlyCount "74"]
[EventDate "2023.10.28"]
[EventType "team-tourn"]
[EventRounds "9"]
[EventCountry "HUN"]
[Source "chess.hu"]
[WhiteTeam "Viadukt Biatorbagy"]
[BlackTeam "ASE Paks"]
[WhiteTeamCountry "HUN"]
[BlackTeamCountry "HUN"]

1. e4 c5 2. Nf3 d6 3. d4 cxd4 4. Nxd4 Nf6 5. Nc3 a6 6. Bg5 e6 7. Qe2 Be7 8. f4
h6 9. Bh4 Nxe4 10. Bxe7 Nxc3 11. Qc4 Kxe7 12. Qxc3 Re8 13. O-O-O Kf8 14. Qa3
Kg8 15. Nf3 d5 16. g4 Nc6 17. g5 hxg5 18. Nxg5 Qf6 19. Rg1 e5 20. fxe5 Rxe5 21.
Qg3 Bf5 22. Bd3 Bxd3 23. Rxd3 Rf5 24. Qh4 g6 25. Rh3 Re8 26. Qh7+ Kf8 27. Qh6+
Qg7 28. Qh4 Kg8 29. Rd1 Re2 30. Qg4 Qe5 31. Rg3 Rff2 32. Rc3 Qxh2 33. Qc8+ Kg7
34. Qxb7 Qf4+ 35. Kb1 Qd2 36. Rd3 Qxc2+ 37. Ka1 Qxd3 0-1

[Event "Szuperliga - GM Szabo Laszlo"]
[Site "Biatorbagy"]
[Date "2024.03.10"]
[Round "6.7"]
[White "Lizak, Peter"]
[Black "Pribelszky, Bence"]
[Result "1/2-1/2"]
[WhiteElo "2407"]
[BlackElo "2354"]
[PlyCount "48"]
[EventDate "2023.10.28"]
[EventType "team-tourn"]
[EventRounds "9"]
[EventCountry "HUN"]
[Source "chess.hu"]
[WhiteTeam "ASE Paks"]
[BlackTeam "Viadukt Biatorbagy"]
[WhiteTeamCountry "HUN"]
[BlackTeamCountry "HUN"]

1. c4 Nf6 2. Nf3 e6 3. g3 d5 4. Bg2 dxc4 5. Qa4+ Nbd7 6. Qxc4 a6 7. Qc2 c5 8.
Nc3 Qc7 9. d4 b5 10. Bf4 Qa7 11. d5 Nxd5 12. Nxd5 exd5 13. O-O Be7 14. a4 b4
15. Rad1 Bb7 16. Nh4 Bxh4 17. gxh4 d4 18. Bh3 Qb6 19. Bxd7+ Kxd7 20. Qf5+ Ke7
21. Qe5+ Kd7 22. Qf5+ Ke7 23. Qe5+ Kd7 24. Qf5+ Ke7 1/2-1/2

[Event "Szuperliga - GM Szabo Laszlo"]
[Site "Biatorbagy"]
[Date "2024.03.10"]
[Round "6.8"]
[White "Szeberenyi, Adam"]
[Black "Lazarne Vajda, Szidonia"]
[Result "1/2-1/2"]
[WhiteElo "2260"]
[BlackElo "2289"]
[PlyCount "61"]
[EventDate "2023.10.28"]
[EventType "team-tourn"]
[EventRounds "9"]
[EventCountry "HUN"]
[Source "chess.hu"]
[WhiteTeam "Viadukt Biatorbagy"]
[BlackTeam "ASE Paks"]
[WhiteTeamCountry "HUN"]
[BlackTeamCountry "HUN"]

1. d4 d5 2. Nf3 Nf6 3. c4 e6 4. Nc3 Be7 5. Bg5 h6 6. Bh4 O-O 7. e3 b6 8. Qb3
Bb7 9. Bxf6 Bxf6 10. cxd5 exd5 11. Be2 c6 12. O-O Nd7 13. Rfe1 Re8 14. Rad1 Nf8
15. e4 Ne6 16. e5 Be7 17. Qc2 Nc7 18. Bd3 c5 19. dxc5 bxc5 20. Be4 Rb8 21. e6
Nxe6 22. Nxd5 Bd6 23. Qa4 Ng5 24. Nxg5 Qxg5 25. f4 Qd8 26. Qxa7 Bxd5 27. Bxd5
Rxe1+ 28. Rxe1 Qf6 29. Qa4 Rxb2 30. Qe8+ Bf8 31. Qe5 1/2-1/2

[Event "Szuperliga - GM Szabo Laszlo"]
[Site "Biatorbagy"]
[Date "2024.03.10"]
[Round "6.10"]
[White "Toth-Goczo, Melinda"]
[Black "Tancsa, Tamas"]
[Result "1/2-1/2"]
[WhiteElo "2189"]
[BlackElo "2273"]
[PlyCount "64"]
[EventDate "2023.10.28"]
[EventType "team-tourn"]
[EventRounds "9"]
[EventCountry "HUN"]
[Source "chess.hu"]
[WhiteTeam "Viadukt Biatorbagy"]
[BlackTeam "ASE Paks"]
[WhiteTeamCountry "HUN"]
[BlackTeamCountry "HUN"]

1. d4 Nf6 2. c4 g6 3. Nf3 Bg7 4. g3 O-O 5. Bg2 d6 6. O-O Nc6 7. d5 Na5 8. Nfd2
c5 9. Nc3 a6 10. a3 Nd7 11. Qc2 Qc7 12. Rb1 Rb8 13. b3 b5 14. h3 bxc4 15. bxc4
Rxb1 16. Ncxb1 Nb6 17. Re1 Bd7 18. Bf1 Rb8 19. e4 Ba4 20. Qa2 Bd4 21. Kg2 Nd7
22. f4 Nb3 23. Bb2 Nxd2 24. Bxd4 Nxf1 25. Ba1 Bb3 26. Qe2 Nxg3 27. Kxg3 Qa5 28.
Rc1 f6 29. Qg4 Nf8 30. Qe2 Nd7 31. Qg4 Nf8 32. Qe2 Nd7 1/2-1/2

[Event "Szuperliga - GM Szabo Laszlo"]
[Site "Budapest"]
[Date "2024.03.10"]
[Round "6.1"]
[White "Horvath, Jozsef"]
[Black "Erdos, Viktor"]
[Result "1/2-1/2"]
[WhiteElo "2410"]
[BlackElo "2552"]
[PlyCount "94"]
[EventDate "2023.10.28"]
[EventType "team-tourn"]
[EventRounds "9"]
[EventCountry "HUN"]
[Source "chess.hu"]
[WhiteTeam "Kekesi SE"]
[BlackTeam "Aquarena Kobanya SC"]
[WhiteTeamCountry "HUN"]
[BlackTeamCountry "HUN"]

1. Nf3 Nf6 2. g3 g6 3. b3 Bg7 4. Bb2 d6 5. Bg2 e5 6. d3 O-O 7. c4 Re8 8. O-O a5
9. Nc3 c6 10. Rc1 Na6 11. e3 Bf5 12. Nh4 Bg4 13. Qd2 g5 14. Nf3 h6 15. h3 Bh5
16. Ne4 Nb4 17. Nc3 Bg6 18. Ne1 d5 19. cxd5 cxd5 20. a3 Nc6 21. Nb5 Qb6 22. a4
Rad8 23. Ba3 Rd7 24. Bc5 Qd8 25. Nc2 e4 26. d4 Nh7 27. Ba3 f5 28. b4 Nf6 29. f4
exf3 30. Bxf3 Ne4 31. Qg2 Kh7 32. g4 f4 33. h4 fxe3 34. h5 Bf7 35. Nxe3 Nxd4
36. bxa5 Nxb5 37. axb5 Bd4 38. Rce1 Qxa5 39. Bb2 Qb4 40. Bxd4 Qxd4 41. Kh1 Ng3+
42. Qxg3 Rxe3 43. Qf2 Rd3 44. Qc2 Qc3 45. Qf2 Qd4 46. Qc2 Qc3 47. Qf2 Qd4
1/2-1/2

[Event "Szuperliga - GM Szabo Laszlo"]
[Site "Budapest"]
[Date "2024.03.10"]
[Round "6.2"]
[White "Livaic, Leon"]
[Black "Haring, Filip"]
[Result "1/2-1/2"]
[WhiteElo "2558"]
[BlackElo "2452"]
[PlyCount "78"]
[EventDate "2023.10.28"]
[EventType "team-tourn"]
[EventRounds "9"]
[EventCountry "HUN"]
[Source "chess.hu"]
[WhiteTeam "Aquarena Kobanya SC"]
[BlackTeam "Kekesi SE"]
[WhiteTeamCountry "HUN"]
[BlackTeamCountry "HUN"]

1. b3 Nf6 2. Bb2 g6 3. Nf3 Bg7 4. g3 O-O 5. Bg2 d6 6. d4 a5 7. Nc3 c6 8. a4 Qc7
9. O-O Na6 10. e4 Bg4 11. h3 Bxf3 12. Qxf3 e5 13. dxe5 dxe5 14. Rfd1 Rfd8 15.
h4 Rxd1+ 16. Rxd1 Rd8 17. Rxd8+ Qxd8 18. Qd1 Qc7 19. Qe2 h5 20. Nb1 Ne8 21. Nd2
Nc5 22. Nc4 Ne6 23. Bh3 Nd4 24. Bxd4 exd4 25. Nb2 Qe7 26. Nd3 Nf6 27. e5 Nd5
28. Kh2 Nb4 29. f4 Nxd3 30. Qxd3 Qc5 31. Qe4 Kh7 32. Bf1 Qc3 33. Bd3 Qd2+ 34.
Kh3 Qe3 35. Qg2 Bf8 36. Qe2 Kg7 37. Kg2 Bc5 38. Qf3 Qd2+ 39. Qe2 Qe3 1/2-1/2

[Event "Szuperliga - GM Szabo Laszlo"]
[Site "Budapest"]
[Date "2024.03.10"]
[Round "6.3"]
[White "Turcan, Richard"]
[Black "Samunenkov, Ihor"]
[Result "0-1"]
[WhiteElo "2366"]
[BlackElo "2544"]
[PlyCount "82"]
[EventDate "2023.10.28"]
[EventType "team-tourn"]
[EventRounds "9"]
[EventCountry "HUN"]
[Source "chess.hu"]
[WhiteTeam "Kekesi SE"]
[BlackTeam "Aquarena Kobanya SC"]
[WhiteTeamCountry "HUN"]
[BlackTeamCountry "HUN"]

1. e4 c5 2. Nf3 Nc6 3. d4 cxd4 4. Nxd4 e6 5. Nc3 Qc7 6. Qd3 Nf6 7. Ndb5 Qb8 8.
Qg3 d6 9. Be3 a6 10. Nd4 h5 11. f3 Ne5 12. a4 Bd7 13. Be2 Be7 14. O-O h4 15.
Qf2 h3 16. g3 d5 17. exd5 Nxd5 18. Nxd5 exd5 19. f4 Nc4 20. b3 Nxe3 21. Qxe3
Kf8 22. Bf3 Qd6 23. Rad1 Bf6 24. Ne2 Bc6 25. c4 Re8 26. Qf2 Qb4 27. cxd5 Bd7
28. Nd4 g6 29. Rd3 Kg7 30. g4 Qd6 31. g5 Bd8 32. Qg3 Bb6 33. Kh1 Qb4 34. Qf2
Kg8 35. Qd2 Qxd2 36. Rxd2 Rh4 37. Ne2 Re3 38. Rb2 Bf5 39. d6 Rxf3 40. Rxf3 Be4
41. Ng1 Rg4 0-1

[Event "Szuperliga - GM Szabo Laszlo"]
[Site "Budapest"]
[Date "2024.03.10"]
[Round "6.4"]
[White "Nagy, Gabor"]
[Black "Bakos, Balazs"]
[Result "1/2-1/2"]
[WhiteElo "2436"]
[BlackElo "2363"]
[PlyCount "87"]
[EventDate "2023.10.28"]
[EventType "team-tourn"]
[EventRounds "9"]
[EventCountry "HUN"]
[Source "chess.hu"]
[WhiteTeam "Aquarena Kobanya SC"]
[BlackTeam "Kekesi SE"]
[WhiteTeamCountry "HUN"]
[BlackTeamCountry "HUN"]

1. c4 d6 2. Nc3 g6 3. g3 Bg7 4. Bg2 f5 5. d3 e5 6. Nf3 Nc6 7. O-O Nge7 8. Rb1
O-O 9. Bd2 a5 10. a3 Bd7 11. b4 axb4 12. axb4 Nd4 13. Nxd4 exd4 14. Nd5 c6 15.
Nxe7+ Qxe7 16. Re1 Ra2 17. b5 Kh8 18. e3 Qf7 19. Re2 Rfa8 20. bxc6 Bxc6 21. e4
Ba4 22. Qe1 Bc2 23. Rxb7 Qxb7 24. exf5 Qc8 25. Bxa8 Rxa8 26. Re6 gxf5 27. Bh6
Bxh6 28. Rxh6 Bxd3 29. Rxd6 Qxc4 30. Qe5+ Kg8 31. h3 Be4 32. Kh2 Qf7 33. Qxd4
Re8 34. Rd7 Re7 35. Rd8+ Re8 36. Rd7 Qg6 37. Qc4+ Kh8 38. Qd4+ Kg8 39. Qc4+ Qe6
40. Qd4 Qe5 41. Qc4+ Qe6 42. Qd4 Qe5 43. Qc4+ Qe6 44. Qd4 1/2-1/2

[Event "Szuperliga - GM Szabo Laszlo"]
[Site "Budapest"]
[Date "2024.03.10"]
[Round "6.5"]
[White "Istvanovszki, Martin"]
[Black "Pap, Gyula"]
[Result "1/2-1/2"]
[WhiteElo "2304"]
[BlackElo "2475"]
[PlyCount "60"]
[EventDate "2023.10.28"]
[EventType "team-tourn"]
[EventRounds "9"]
[EventCountry "HUN"]
[Source "chess.hu"]
[WhiteTeam "Kekesi SE"]
[BlackTeam "Aquarena Kobanya SC"]
[WhiteTeamCountry "HUN"]
[BlackTeamCountry "HUN"]

1. d4 d5 2. Nc3 Nf6 3. Bf4 Bf5 4. e3 e6 5. Bd3 c6 6. Nf3 Bg6 7. h3 Bb4 8. O-O
Nbd7 9. Ne2 O-O 10. Ne5 Nxe5 11. Bxe5 Bd6 12. Bxd6 Qxd6 13. c4 Qb4 14. Bxg6
hxg6 15. cxd5 cxd5 16. Qb3 Qxb3 17. axb3 Rfc8 18. Rfc1 Ne4 19. f3 Nd6 20. Kf2
a6 21. Rxc8+ Rxc8 22. Rc1 Rxc1 23. Nxc1 Kf8 24. Nd3 Ke7 25. Ke2 Kd7 26. g4 a5
27. Kd2 b6 28. Ne5+ Ke7 29. h4 Ke8 30. Kd3 Ke7 1/2-1/2

[Event "Szuperliga - GM Szabo Laszlo"]
[Site "Budapest"]
[Date "2024.03.10"]
[Round "6.6"]
[White "Berczes, David"]
[Black "Bohati, Tamas"]
[Result "1/2-1/2"]
[WhiteElo "2416"]
[BlackElo "2266"]
[PlyCount "87"]
[EventDate "2023.10.28"]
[EventType "team-tourn"]
[EventRounds "9"]
[EventCountry "HUN"]
[Source "chess.hu"]
[WhiteTeam "Aquarena Kobanya SC"]
[BlackTeam "Kekesi SE"]
[WhiteTeamCountry "HUN"]
[BlackTeamCountry "HUN"]

1. Nf3 Nf6 2. c4 g6 3. Nc3 Bg7 4. d4 O-O 5. e4 d6 6. Be2 Na6 7. O-O e5 8. Be3
Ng4 9. Bg5 Qe8 10. h3 h6 11. Bc1 Nf6 12. dxe5 dxe5 13. Be3 b6 14. Nd2 Bb7 15.
Nd5 Kh7 16. a4 Nd7 17. a5 c6 18. Nc3 Ndc5 19. Qb1 Nb4 20. Na2 Nxa2 21. Rxa2 Qd8
22. Rd1 Ne6 23. c5 bxc5 24. Nb3 Qe7 25. Qc2 Nd4 26. Bxd4 cxd4 27. Nc5 Bc8 28.
b4 Rb8 29. Rb2 f5 30. Ba6 Be6 31. Bc4 Bd7 32. Nxd7 Qxd7 33. Bd3 f4 34. Rc1 Rf6
35. f3 Bf8 36. Qa4 Be7 37. Rc4 Bf8 38. Rbc2 Kh8 39. a6 Rb6 40. Qa5 Bd6 41. Kf1
Kh7 42. Qa4 Be7 43. Qa5 Bd6 44. Qa4 1/2-1/2

[Event "Szuperliga - GM Szabo Laszlo"]
[Site "Budapest"]
[Date "2024.03.10"]
[Round "6.7"]
[White "Blasko, Istvan"]
[Black "Karacsonyi, Gellert"]
[Result "1/2-1/2"]
[WhiteElo "2251"]
[BlackElo "2386"]
[PlyCount "76"]
[EventDate "2023.10.28"]
[EventType "team-tourn"]
[EventRounds "9"]
[EventCountry "HUN"]
[Source "chess.hu"]
[WhiteTeam "Kekesi SE"]
[BlackTeam "Aquarena Kobanya SC"]
[WhiteTeamCountry "HUN"]
[BlackTeamCountry "HUN"]

1. d4 e6 2. c4 Nf6 3. Nf3 d5 4. Nc3 dxc4 5. e3 a6 6. a4 b6 7. Bxc4 Bb7 8. O-O
Bb4 9. Qe2 O-O 10. Rd1 Qe7 11. Na2 Bd6 12. Nc3 c5 13. e4 cxd4 14. e5 Bxe5 15.
Nxe5 dxc3 16. Bg5 h6 17. Bh4 g5 18. Bg3 Ne4 19. bxc3 Kg7 20. Rd4 Nxg3 21. hxg3
f6 22. Ng4 Nc6 23. Rd2 Rfd8 24. Rad1 Rxd2 25. Rxd2 Nd8 26. Ne3 Kf8 27. Rb2 Qd6
28. Rd2 Qc6 29. Qh5 Kg7 30. Bd3 Nf7 31. Qg6+ Kf8 32. Bc4 b5 33. Ba2 Rd8 34.
Rxd8+ Nxd8 35. Qxf6+ Ke8 36. axb5 axb5 37. Qxh6 Qxc3 38. Bxe6 Qe1+ 1/2-1/2

[Event "Szuperliga - GM Szabo Laszlo"]
[Site "Budapest"]
[Date "2024.03.10"]
[Round "6.8"]
[White "Krizsany, Laszlo"]
[Black "Mede, Istvan"]
[Result "1-0"]
[WhiteElo "2341"]
[BlackElo "2167"]
[PlyCount "77"]
[EventDate "2023.10.28"]
[EventType "team-tourn"]
[EventRounds "9"]
[EventCountry "HUN"]
[Source "chess.hu"]
[WhiteTeam "Aquarena Kobanya SC"]
[BlackTeam "Kekesi SE"]
[WhiteTeamCountry "HUN"]
[BlackTeamCountry "HUN"]

1. d4 Nf6 2. c4 g6 3. Nc3 Bg7 4. e4 d6 5. Be2 O-O 6. Bg5 Na6 7. Qd2 e5 8. d5 c6
9. f3 cxd5 10. cxd5 Bd7 11. g4 h6 12. Be3 h5 13. h3 Nc5 14. Rc1 a6 15. b4 Na4
16. Nxa4 Bxa4 17. Bd3 Rc8 18. Ne2 Rxc1+ 19. Qxc1 Qd7 20. Qa3 Bb5 21. Bxb5 Qxb5
22. Qb3 Rc8 23. Kd2 a5 24. Rb1 axb4 25. Qxb4 Rc2+ 26. Kxc2 Qxe2+ 27. Bd2 Qxf3
28. Re1 hxg4 29. hxg4 Nxg4 30. Qxb7 Bf8 31. Qb3 Qf2 32. Qc4 f5 33. a4 Nf6 34.
exf5 Qxf5+ 35. Qd3 Nxd5 36. Qxf5 gxf5 37. a5 Nc7 38. Kb3 Kf7 39. Rc1 1-0

[Event "Szuperliga - GM Szabo Laszlo"]
[Site "Budapest"]
[Date "2024.03.10"]
[Round "6.9"]
[White "Onodi, Tamas"]
[Black "Havanecz, Bianka"]
[Result "0-1"]
[WhiteElo "2018"]
[BlackElo "2187"]
[PlyCount "68"]
[EventDate "2023.10.28"]
[EventType "team-tourn"]
[EventRounds "9"]
[EventCountry "HUN"]
[Source "chess.hu"]
[WhiteTeam "Kekesi SE"]
[BlackTeam "Aquarena Kobanya SC"]
[WhiteTeamCountry "HUN"]
[BlackTeamCountry "HUN"]

1. e4 e5 2. Nf3 Nc6 3. Nc3 Nf6 4. d4 exd4 5. Nd5 d6 6. Nxd4 Be7 7. Bb5 Bd7 8.
O-O O-O 9. Nxc6 bxc6 10. Nxe7+ Qxe7 11. Bd3 Rab8 12. b3 Qe5 13. Rb1 Ng4 14. g3
Qh5 15. h4 Rfe8 16. Bb2 c5 17. e5 g5 18. Qf3 dxe5 19. Bf5 Bxf5 20. Qxf5 Rb6 21.
Qxg5+ Qxg5 22. hxg5 h6 23. gxh6 Rxh6 24. Rbd1 Nh2 25. Rd7 Nxf1 26. Kxf1 Rc6 27.
c4 Ree6 28. Rd5 f6 29. Ba3 Red6 30. Rxc5 Rxc5 31. Bxc5 Rd2 32. Bxa7 Rxa2 33.
Bb8 c6 34. Bd6 Kf7 0-1

[Event "Szuperliga - GM Szabo Laszlo"]
[Site "Budapest"]
[Date "2024.03.10"]
[Round "6.10"]
[White "Foldes, Marton Gabor"]
[Black "Balsai, Nikolett"]
[Result "1-0"]
[WhiteElo "2162"]
[BlackElo "1972"]
[PlyCount "55"]
[EventDate "2023.10.28"]
[EventType "team-tourn"]
[EventRounds "9"]
[EventCountry "HUN"]
[Source "chess.hu"]
[WhiteTeam "Aquarena Kobanya SC"]
[BlackTeam "Kekesi SE"]
[WhiteTeamCountry "HUN"]
[BlackTeamCountry "HUN"]

1. e4 c5 2. Nf3 Nc6 3. d4 cxd4 4. Nxd4 e5 5. Nb5 d6 6. N1c3 a6 7. Na3 b5 8. Nd5
Nge7 9. c4 Nd4 10. Be3 Nxd5 11. cxd5 Be7 12. Bd3 O-O 13. O-O Bb7 14. Nc2 Nxc2
15. Qxc2 Rc8 16. Qd2 Qd7 17. Qb4 f5 18. f4 g6 19. Rae1 Rf7 20. Qd2 fxe4 21.
Bxe4 Qg4 22. Bf3 Qf5 23. fxe5 Qxe5 24. Bg4 Rxf1+ 25. Rxf1 Rc4 26. Be6+ Kh8 27.
Bh6 Qh5 28. Rf7 1-0

[Event "Szuperliga - GM Szabo Laszlo"]
[Site "Gyongyossolymos"]
[Date "2024.04.21"]
[Round "7.1"]
[White "Stevic, Hrvoje"]
[Black "Horvath, Jozsef"]
[Result "1/2-1/2"]
[WhiteElo "2534"]
[BlackElo "2407"]
[PlyCount "41"]
[EventDate "2023.10.28"]
[EventType "team-tourn"]
[EventRounds "9"]
[EventCountry "HUN"]
[Source "chess.hu"]
[WhiteTeam "Dunaharaszti MTK"]
[BlackTeam "Kekesi SE"]
[WhiteTeamCountry "HUN"]
[BlackTeamCountry "HUN"]

1. e4 c5 2. Nf3 e6 3. d4 cxd4 4. Nxd4 a6 5. c4 Nf6 6. Nc3 Qc7 7. a3 b6 8. f4 d6
9. Bd3 g6 10. f5 Bg7 11. fxe6 fxe6 12. Qa4+ Kf7 13. O-O Nbd7 14. Be3 Ne5 15.
Be2 Rf8 16. Qb3 Kg8 17. Nf3 Ned7 18. Nd4 Ne5 19. Nf3 Ned7 20. Nd4 Ne5 21. Nf3
1/2-1/2

[Event "Szuperliga - GM Szabo Laszlo"]
[Site "Gyongyossolymos"]
[Date "2024.04.21"]
[Round "7.2"]
[White "Haring, Filip"]
[Black "Grigoriants, Sergey"]
[Result "1/2-1/2"]
[WhiteElo "2463"]
[BlackElo "2536"]
[PlyCount "60"]
[EventDate "2023.10.28"]
[EventType "team-tourn"]
[EventRounds "9"]
[EventCountry "HUN"]
[Source "chess.hu"]
[WhiteTeam "Kekesi SE"]
[BlackTeam "Dunaharaszti MTK"]
[WhiteTeamCountry "HUN"]
[BlackTeamCountry "HUN"]

1. e4 e5 2. Nf3 Nc6 3. Bc4 Bc5 4. c3 Nf6 5. d4 exd4 6. e5 d5 7. Bb5 Ne4 8. cxd4
Bb6 9. Nc3 O-O 10. Be3 f6 11. exf6 Rxf6 12. O-O Bg4 13. Be2 Qd6 14. Qb3 Nxc3
15. bxc3 Raf8 16. Rfe1 Na5 17. Qc2 Bxf3 18. Bxf3 Nc4 19. Bg5 R6f7 20. Qe2 Ba5
21. Rac1 Rxf3 22. gxf3 Qg6 23. Qe6+ Qxe6 24. Rxe6 h6 25. Bh4 Rxf3 26. Re8+ Kh7
27. Rb8 Bxc3 28. Rxb7 Bxd4 29. Rxc7 Rd3 30. Rc2 Nb6 1/2-1/2

[Event "Szuperliga - GM Szabo Laszlo"]
[Site "Gyongyossolymos"]
[Date "2024.04.21"]
[Round "7.3"]
[White "Jovanovic, Zoran"]
[Black "Bakos, Balazs"]
[Result "1-0"]
[WhiteElo "2532"]
[BlackElo "2370"]
[PlyCount "57"]
[EventDate "2023.10.28"]
[EventType "team-tourn"]
[EventRounds "9"]
[EventCountry "HUN"]
[Source "chess.hu"]
[WhiteTeam "Dunaharaszti MTK"]
[BlackTeam "Kekesi SE"]
[WhiteTeamCountry "HUN"]
[BlackTeamCountry "HUN"]

1. e4 c5 2. Nf3 e6 3. Nc3 Nc6 4. Bb5 Nge7 5. O-O a6 6. Bxc6 Nxc6 7. d4 cxd4 8.
Nxd4 d6 9. Re1 Be7 10. Nxc6 bxc6 11. Qg4 g6 12. b3 e5 13. Qe2 O-O 14. Ba3 Qa5
15. Na4 Be6 16. c4 Rfd8 17. Rad1 Qc7 18. c5 dxc5 19. Bxc5 Rxd1 20. Rxd1 a5 21.
h3 h5 22. Rd3 Kh7 23. Qb2 Rb8 24. Bxe7 Qxe7 25. Qxe5 Rb5 26. Qd6 Qxd6 27. Rxd6
Re5 28. f3 f6 29. f4 1-0